000 00743cam a22002172a 4500
001 005876
003 AR-FADEU
008 311216n1970####xxu####################dd
020 _a950-518-020-9
092 _a301.01
_bZ43
100 _aZeitlin, Irving M.
245 _aIdeología y teoría sociológica
260 _aBuenos Aires
260 _bAmorrortu
260 _c1970-82
300 _a365 p
440 _aBiblioteca de sociología
700 _aNéstor A., Mínguez, tr.
650 _aMANNHEIM, KARL; MICHELS, ROBERT; SOCIOLOGIA-TEORIA; IDEOLOGIA; ILU; MONTESQUIEU; ROUSSEAU; MAISTRE, JOSEPH DE; BONALD, LOUIS DE; SAINT-SIMON; COMTE, AUGUSTE; MARXISMO-SOCIOLOGIA; WEBER, MAX; PARETO, VILFREDO; MOSCA, GAETANO
942 _cBDGR
999 _c11697
_d11697